000 01089nam a2200265 i 4500
001 190335
003 SpMaBN
005 20240410101922.0
008 201110s1976 sp |||| |dspa d
080 _a398(460.23)(043.2)
080 _a398:929 Milá y Fontanals, Manuel (043.2)
100 1 _aPaloma, Joan Antoni.
_9170728
245 1 0 _aMilá y Fontanals, colector de folklore catalán /
_cJuan Antonio Paloma Tous.
260 _aBarcelona :
_bUniversidad de Barcelona, [Facultad de Filosofía y Letras],
_c1976.
300 _a22 p. ;
_c24 cm.
502 _aTesis-Univ. Barcelona (Extracto)
594 _aPrecede al tít.: Universidad de Barcelona. Secretariado de Publicaciones, Intercambio Científico y Extensión Universitaria.
600 1 4 _aMilá y Fontanals, Manuel.
_981077
650 4 _aFolklore-
_zCataluña.
_9168514
655 _aTesis y escritos académicos
_9226867
710 2 _aUniversidad de Barcelona.
_bFacultad de Filosofía y Letras.
_97149
852 4 _aES-MaACL
_jP-1415 (90)
_9197543
_bR.68610
_cDEPO2
942 _2udc
999 _c190335
_d190335